| 000 | 00470nam a2200169Ia 4500 | ||
|---|---|---|---|
| 008 | 230718s9999 xx 000 0 und d | ||
| 020 | _a9780349113463 | ||
| 041 | _aeng | ||
| 082 |
_a302 _bGLA |
||
| 100 |
_aGladwell M. _9118163 |
||
| 245 |
_aTipping Point _bHow Little Things Can Make A Big Difference |
||
| 260 |
_c2009 _bAbacus |
||
| 300 | _a279 | ||
| 365 |
_cRs. _b250.00 |
||
| 700 |
_aGladwell M. _9118163 |
||
| 906 |
_dO:0095022-Jul-2010B:464613-Jul-2010 _cIT _b400 |
||
| 999 |
_c325365 _d325365 |
||